00669cam a22001574a 4500020002200000022001800022050001900040100001900059245005000078260004900128300003100177440002700208500005200235505020800287650001600495 a0333922433 (pbk.) a978033392243900aBF637.C6bC65 1 aColledge, Ray.10aMastering counselling theory /cRay Colledge. aNew York, N.Y. :bPalgrave/Macmillan,c2002. aviii, 296 p. ;c24 cm.b  0aPalgrave master series aIncludes bibliographical references and index.  aPt. 1. Psychodynamic Counselling -- pt. 2. Humanistic Counselling -- pt. 3. Existential Counselling -- pt. 4. Cognitive therapy and behavioural Counselling -- pt. 5. Eclectic and integrative Counselling. 0aCounseling.